Geneticky modifikované organizmy na slovenskom trhu

Guardado en:
Detalles Bibliográficos
Autor principal: Silná, Zuzana
Formato: Capítulo de libro
Lenguaje:eslovaco
Etiquetas: Agregar Etiqueta
Sin Etiquetas, Sea el primero en etiquetar este registro!

MARC

LEADER 00000naa$a2200000$$$4500
001 0062626
005 20240502071716.9
041 0 |a slo 
044 |a SK 
245 1 0 |a Geneticky modifikované organizmy na slovenskom trhu  |c Zuzana Silná 
100 1 |a Silná, Zuzana